MLB San Diego Padres Season Home Run Leaders - Statistics

General Stats
  • This quiz has been taken 25 times
    3 since last reset
  • The average score is 10 of 58
Answer Stats
Year Player % Correct
2021 Fernando Tatis Jr.
67%
2025 Manny Machado
67%
2024 Manny Machado
67%
2012 Chase Headley
33%
1980 Dave Winfield
33%
1979 Dave Winfield
33%
1978 Dave Winfield
33%
1977 Dave Winfield
33%
1976 Dave Winfield
33%
2020 Fernando Tatis Jr.
33%
1992 Fred McGriff
33%
1991 Fred McGriff
33%
1998 Greg Vaughn
33%
2019 Hunter Renfroe
33%
2018 Hunter Renfroe
33%
2023 Juan Soto
33%
1996 Ken Caminiti
33%
1986 Kevin McReynolds
33%
2022 Manny Machado
33%
2004 Phil Nevin
33%
2001 Phil Nevin
33%
2000 Phil Nevin
33%
1994 Phil Plantier
33%
1993 Phil Plantier
33%
2003 Ryan Klesko
33%
2002 Ryan Klesko
33%
1997 Steve Finley
33%
2016 Wil Myers
33%
2010 Adrián González
0%
2009 Adrián González
0%
2008 Adrián González
0%
2007 Adrián González
0%
2006 Adrián González
0%
1988 Carmelo Martínez
0%
1985 Carmelo Martínez
0%
1984 Graig Nettles
0%
1990 Jack Clark
0%
1989 Jack Clark
0%
2013 Jedd Gyorko
0%
1981 Joe Lefebvre
0%
1987 John Kruk
0%
2015 Justin Upton
0%
1995 Ken Caminiti
0%
Kevin McReynolds
0%
1973 Nate Colbert
0%
1972 Nate Colbert
0%
1971 Nate Colbert
0%
1970 Nate Colbert
0%
1969 Nate Colbert
0%
1999 Reggie Sanders
0%
2005 Ryan Klesko
0%
2011 Ryan Ludwick
0%
1983 Terry Kennedy
0%
1982 Terry Kennedy
0%
1975 Willie McCovey
0%
1974 Willie McCovey
0%
2017 Wil Myers
0%
2014 Yasmani Grandal
0%
No matching quizzes found
Score Distribution
Percent of People with Each Score
Percentile by Number Answered
Your Score History
You have not taken this quiz since the last reset